000
003220000a22001450004500
001
005486
003
MACL
040
_a
MACL
090
_c
17479
_d
17478
245
_a
Sukookat Qadeema
_b
Qadri Allama Shams Ullah
260
_a
Taj Press Hyderabad Deccan
350
_a
0.12
650
_a
Urdu Literature
942
_k
891
_c
Book
999
_c
17368
_d
17368